000 00453nam a2200145Ia 4500
008 211109s9999||||xx |||||||||||||| ||und||
082 _a891.433
_bSIN-A
100 _aSinha, Shiva Prasat
245 0 _aAlaagh Alagh Bhatharani
260 _bVANI Prakasan
_aDelhi
_c1900
300 _a583p.
630 _xgeneral stack
650 _aLiterature & rhetoric
_vLiteratures of other languages
_x East Indo-European & Celtic literaturesGeneralia
942 _cBOOK
999 _c53705
_d53705